000 00940nam a2200289 i 4500
001 000009701
003 DO-SdBNP
005 20241107084319.0
007 ta
008 091001s1997 dr a r 000 p spa d
040 _aDO-SdBNP
_bspa
_cBNPHU
_erda
082 _a946
_bB171e
_222
100 1 _a Balaguer, Joaquín,
_d1906-2002
_eautor
_976556
245 1 0 _aEspaña infinita /
_cJoaquín Balaguer.
264 _aSanto Domingo :
_bCorripio,
_c1997.
300 _a233 páginas :
_bilustrador, fotos. ;
_c24 cm.
336 _ardacontent
_btexto
_2txt
337 _ardamedia
_bsin mediación
_2n
338 _ardacarrier
_bvolumen
_2nc
500 _aIncluye referencias bibliográficas y notas al pie de las páginas
590 _aInventariado, 2018/BT
650 1 4 _aLiteratura y arte
_924598
651 1 4 _aEspaña
_xHistoria
_98844
651 1 4 _aEspaña
_xCivilización
_914116
910 _aValidado. Control de calidad MFF
942 _2ddc
_cLBS1
999 _c9461
_d9461